| 000 | 00601naa a2200193 4500 | ||
|---|---|---|---|
| 005 | 20250811155226.0 | ||
| 010 | _aENG- 146448 | ||
| 020 |
_c299.00 _a9789362253835 |
||
| 035 | _aEN-129980 | ||
| 037 | _bDBAD | ||
| 082 |
_a230.2 _21 |
||
| 100 |
_aAgarwal, D.K. _984054 |
||
| 245 |
_aRamayana For Young Minds: _bTimeless Tale of Valor and Virtue/ _cby D.K. Agarwal |
||
| 250 | _a1 | ||
| 260 |
_aNew Delhi _bDisha Publications _c2025 |
||
| 270 |
_aB-32, Shivalik Main Road, Malviya Nagar, _bNew Delhi _e110017 |
||
| 300 |
_a307p. _c21cm (pb) |
||
| 942 |
_adpl _cEN _2ddc _h230.2 _mAGA |
||
| 999 |
_c212997 _d212997 |
||